[Event "Las Palmas"]
[Site "Las Palmas"]
[Date "1996.12.20"]
[Round "9"]
[White "Kasparov, Garry"]
[Black "Karpov, Anatoly"]
[Result "1-0"]
[WhiteElo "2785"]
[BlackElo "2775"]
[Annotator "Kramnik,Vladimir"]
[PlyCount "87"]
[EventDate "1996.12.08"]
[EventType "tourn"]
[EventRounds "10"]
[EventCountry "ESP"]
[EventCategory "21"]
[SourceTitle "CBM 057"]
[Source "ChessBase"]
[SourceDate "1997.04.01"]
[SourceVersion "1"]
[SourceVersionDate "1997.04.01"]
[SourceQuality "1"]

1. d4 {Ftacnik Dolmatov} Nf6 2. c4 e6 3. Nc3 Bb4 4. Qc2 O-O 5. a3 Bxc3+ 6. Qxc3 b6 7. Bg5 Bb7 8. e3 d6 9. f3 {Botvinnik's idea} Nbd7 10. Nh3 $5 {Alternative is} (10. Bd3 c5 11. Ne2 Rc8 (11... h6 {Dolmatov} 12. Bh4 Rc8 13. b4 d5 14. dxc5 bxc5 15. b5 Nb6 $6 16. Bxf6 Qxf6 17. Qxf6 gxf6 18. cxd5 Bxd5 19. Nc3 $14 {Sorokin,M-Atalik,S/Cheliabinsk/1991/}) 12. Qb3 cxd4 13. exd4 d5 $6 14. O-O dxc4 15. Bxc4 h6 16. Bh4 Nb8 17. Qd3 Qe7 18. Rfe1 {White's position is preferable, Sokolov,I-Almasi,Z/It Groningen NED 1995}) 10... c5 11. dxc5 bxc5 12. Be2 Qb6 (12... d5 {Dolmatov} 13. O-O-O $6 Qb6 14. Rd2 Rfe8 15. Rhd1 Bc6 16. Kb1 Rab8 17. Bh4 Ba4 18. Rc1 Rec8 $17 {Xu,J-Stefansson,H/1994/}) (12... a5 $5 13. O-O (13. Rd1 h6 14. Bh4 (14. Bf4 $5 e5 $5 $10) 14... Ne4 15. Bxd8 Nxc3 16. bxc3 Rfxd8 17. Rxd6 Ne5 18. Rxd8+ (18. Rb6 Ba6 19. f4 Nd3+ $36) 18... Rxd8 $44 {Zaitsev,I-Kimelfeld,R/USSR/1990/}) 13... h6 14. Bh4 Qb6 (14... a4 15. Rfd1 Ra6 16. Bf2 Qb8 17. Nf4 Rb6 18. Rd2 Rc8 19. Bd1 Bc6 20. Rb1 Qc7 21. Bg3 e5 22. Ne2 Nf8 {½-½ Drasko,M-Levin,F/Podgorica (12)/1993 (28)}) 15. Rfd1 d5 16. Rd2 (16. Bf2 $5 { f4}) 16... Rfe8 (16... Bc6 $1 17. Bf2 Rfb8 $1 { b3} 18. Bd1 $1 e5 $6 (18... a4 $5 { a5, b6}) 19. cxd5 Bxd5 20. Ba4 Qe6 $1 (20... Bc6 21. Rd6 Rc8 22. Rad1 $14) 21. Rad1 $1 Nb6 $1 22. Bc2 Bxf3 23. gxf3 Qxh3 24. Qxe5 $8 Re8 $1 {Georgiev,Ki-Razuvaev,Y/Elenite/1992/1-0 (60)}) 17. Rad1 Rac8 18. Bf2 Qa7 19. Nf4 Bc6 20. Bd3 Qc7 21. cxd5 exd5 22. Ne2 Qb6 23. Bf5 {½-½ Drasko,M-Kolev,At/Ubeda op/1996 (38)}) 13. O-O d5 (13... a5 {Ftacnik} 14. Rfd1 Ba6 15. Rd2 h6 16. Bh4 d5 17. Rad1 Ra7 18. Bf2 Rb8 19. cxd5 Nxd5 20. Qc1 Bxe2 21. Rxe2 Qb5 22. Rc2 Rc8 23. e4 N5b6 {½-½ Burijovich,L-Adla,D/Mar del Plata op (02)/1994 (32)}) ({RR} 13... a5 14. Rfd1 d5 15. Rac1 Ba6 16. Rd2 Rab8 17. Bh4 Rfc8 18. Bf2 a4 19. Nf4 g5 20. Nh3 h6 21. Bg3 Rb7 22. Be5 Nxe5 23. Qxe5 Nd7 24. Qg3 Qa5 25. Rcd1 d4 26. exd4 cxd4 27. Rxd4 Rxb2 28. Rxd7 {Ponomariov,R (2743)-Polgar,J (2677) Moscow 2002 ½-½ (71)}) 14. Rad1 (14. cxd5 {Ftacnik} exd5 15. b4 c4 16. Rfd1 Rfe8 17. Qd4 h6 18. Bxf6 Nxf6 19. Kf2 Qc7 20. Nf4 Re5 21. Rac1 Rae8 22. Rc3 g5 23. Nh3 Bc8 24. Bf1 Bxh3 25. gxh3 Nh5 {0-1 Kumaran,D-Almasi,Z/WchJM-U18 Bratislava (09)/1993/ (38)}) 14... Bc6 (14... h6 {Dolmatov} 15. Bf4 a5 16. Bg3 Ba6 17. Rf2 Ra7 18. cxd5 Nxd5 19. Qc1 Bxe2 20. Rxe2 $14 {Karpov,A-Andersson,U/Haninge/1990/} (20. Rxe2 {Ftacnik} Qb5 21. Rc2 Rb7 22. Nf2 { e4} N5f6 23. e4 $16 {1-0 Karpov,An-Andersson,U/Haninge/1990/ (35)})) (14... a5 {Ftacnik} 15. Rd2 Rab8 16. Bh4 Bc6 17. Bf2 a4 18. Nf4 Qc7 19. cxd5 exd5 20. Nd3 Rb3 21. Qc2 Qa5 22. Nc1 Rb6 23. Na2 Rfb8 {Perez,Rol-Bitoon,Ri/Greenhills op (06) 1996/0-1 (56)}) ({RR} 14... a5 15. Rd2 Rfe8 16. Rc1 Rac8 17. Bd1 h6 18. Bh4 Ba6 19. Ba4 Bxc4 20. Bxf6 Nxf6 21. Bxe8 Nxe8 22. Nf4 a4 23. e4 Nf6 24. exd5 exd5 25. Re1 Qb5 26. h4 Bb3 27. g4 Qc6 28. Rde2 d4 29. Qd3 {Ljubojevic,L (2570)-Karpov,A (2760) Monte Carlo 1997 1-0 (51)}) 15. Nf2 (15. Rd2 $5 {Dolmatov} h6 16. Bh4 Rab8 17. Bg3 Rb7 18. Nf4 $14) 15... h6 $146 ({RR} 15... Ba4 16. Rd2 {½-½ (16) Drasko,M (2555)-Gligoric,S (2465) Niksic 1997}) 16. Bh4 Ba4 (16... Rab8 {Ftacnik} 17. Rd2 a5 $10) 17. Rd2 Bb3 18. Ng4 $1 {The original idea. Opening the f-file, White is preparing an attack on King side} (18. Rc1 {Dolmatov} Rfc8 $15) 18... Nxg4 (18... Nh7 {Ftacnik} 19. Rc1 f5 20. Ne5 $14 d4 $140 21. exd4 cxd4 22. Rxd4 Nxe5 23. c5 $16) 19. fxg4 Rab8 (19... f6 $2 {Karpov} 20. cxd5 exd5 21. Bf3) 20. g5 (20. cxd5 $142 {Karpov} exd5 21. Rf5) 20... hxg5 21. Bxg5 Rb7 {× f7, g7} (21... Qc6 $6 {Dolmatov} 22. Bf3 $13 (22. Be7 Rfe8 23. Bh4 Bxc4 24. Bxc4 dxc4 25. Qxc4 Nb6 26. Qf4 Rb7 $17)) 22. Be7 $2 {This is unnecessary move. White simly loses a tempo xf7} (22. Bh4 $142 {Karpov}) 22... Re8 23. Bh4 Nf8 (23... a5 {Ftacnik} 24. Bh5 $1 Nb8 25. Rdf2 $14) 24. Bg3 Rd8 25. Bh4 Rdd7 (25... Re8 26. Rf3 $1) (25... d4 {Ftacnik} 26. exd4 (26. Bxd8 dxc3 27. Bxb6 cxd2 28. Bxc5 Rd7 29. Bd4 e5 30. Bxe5 d1=Q 31. Bxd1 Bxd1 $15) 26... cxd4 (26... Rxd4 27. Bf2 Rxd2 28. Qxd2 $14) 27. Qd3 Rc8) 26. cxd5 Rxd5 (26... exd5 $5 {Dolmatov} 27. Rc1 (27. Bg4 {Ftacnik} d4 (27... Rd6 {Karpov} 28. Qe5 $132) 28. exd4 Rxd4 29. Rxd4 cxd4 30. Qd3 Ba4 31. Rf2 $10) 27... Ne6 (27... Qh6 28. Bf2 Ne6 $10) 28. Qe5 Rb8 29. Bg4 Re8) 27. e4 Rxd2 28. Qxd2 Ba4 (28... Nd7 $5 {Karpov  e5}) 29. Bh5 $1 (29. Rb1 {Ftacnik} Rd7 $10) 29... Be8 (29... Qxb2 $2 {Ftacnik} 30. Bxf7+ Kh8 31. Qxb2 Rxb2 32. Be7 $16) (29... g6 $1 {Ftacnik} 30. Qh6 (30. Bf6 Nh7 31. e5 Qxb2 32. Qd8+ Nf8 33. Bf3 Rd7 $17) 30... Nh7 31. Bd1 (31. e5 Qxb2 32. Bxg6 (32. Bf6 $2 Nxf6 33. exf6 Qd4+ 34. Kh1 Qxf6 $19) 32... fxg6 33. Qxg6+ Rg7 34. Qxe6+ Kh8 $17) 31... Qxb2 32. Bxa4 Qd4+ 33. Bf2 Qxa4 34. Bxc5 Qxe4 $15) 30. Bf2 Qb5 $2 {It is hard to explain why Karpov missed the simple} (30... Qxb2 31. Qxb2 (31. Qd8 Bb5 32. Re1 (32. Bxc5 $2 {fails to} Bxf1 33. Qxf8+ Kh7 34. Kxf1 Qc1+ 35. Kf2 Rb2+ 36. Kg3 Qg5+ 37. Bg4 Rb3+) 32... Rd7 33. Qe8 Rc7 (33... c4 {and now correct is 34.Qb8. If} 34. Bc5 Qxg2+ 35. Kxg2 Rd2+ 36. Re2 Rxe2+ 37. Bxe2 Bxe8 38. Bxc4 Bc6 39. Kf3 a5 40. Ke3 Nd7 {and Black is a pawn up}) 34. Qd8 Rd7 {draw}) 31... Rxb2 32. Bxc5 Rb5 $1 33. Bxf8 (33. Rc1 {Dolmatov} Nd7 34. Bd6 Rxh5 35. Rc8 Nf6 (35... Kh7 $1 {Karpov} 36. Rxe8 Nf6 37. Re7 Nxe4 $17) 36. e5) 33... Kxf8 {and Black has a better endgame}) 31. Qd8 {After the game, Kasparov mentioned that 31.Qd6 was even better} (31. Qd6 $142 {Kasparov}) 31... Bc6 32. Bg3 {Ftacnik: White can not claim advantage, since his pieces are not so well coordinated and weaknesses b2,e4 still loom. Ftacnik: Weiss kann kaum behaupten, Vorteil zu haben, weil seine Kräfte nicht besonders gut koordiniert sind und die Schwächen b2 und e4 bleiben.} Rd7 {This loses. Black could of continue with 32... c4, for instance 33.Bd6 Qxh5, and Black stood even better because White's attack is over! 32... Qb6 also deserves attention} (32... c4 {Dolmatov} 33. Bd6 Qxh5 (33... Qb6+ 34. Qxb6 axb6) 34. Qxf8+ (34. Bxf8) 34... Kh7 35. Rf3 c3 (35... Rb3 36. Qxf7 Qxf7 37. Rxf7 Rxb2 38. Rxg7+ Kxg7 39. Be5+ Kg6 40. Bxb2 Bxe4 41. Kf2) 36. b4 (36. bxc3 $2 Rb1+ $19) (36. Rh3 $2 Qxh3 37. gxh3 cxb2 $19) (36. Rxc3 $2 Qd1+ 37. Kf2 Rxb2+) 36... c2 37. Bf4 e5 $11) (32... Bxe4 $5 {Ftacnik} 33. Bc7 (33. Bd6 Qxb2 34. Qxf8+ Kh7 35. Bf3 Qd4+ 36. Kh1 Bxf3 37. gxf3 Qd3 38. Rf2 Rb2 39. Kg2 (39. Rxb2 $4 Qf1#) (39. Bg3 $4 Rxf2 40. Bxf2 Qf1+ 41. Bg1 Qxf3#) 39... Rxf2+ 40. Kxf2 Qd2+ $10) 33... f6 34. Bd6 Qxb2 35. Qxf8+ Kh7 36. Bf3 Qd4+ 37. Kh1 Bxf3 38. gxf3 $14) (32... Qb6 33. Qxb6 axb6 $15) 33. Qe8 $1 {Excellent move! Now White has all the chances} Qxf1+ ({If} 33... f6 {then} 34. Bd6 Rxd6 35. Bf7+ Kh7 36. Qxf8 Rd2 37. Qg8+ Kh6 38. Qh8+ Kg5 39. Qh5#) (33... g6 34. Bd6 $1 {wins} ({Of course not} 34. Bxg6 $2 Qxf1+ 35. Kxf1 Rd1+ 36. Ke2 Bxe8 37. Kxd1 Nxg6 {and now Black is winning!}) (34. Bd6 {Dolmatov} Qxf1+ 35. Kxf1 Rxd6 36. Qb8 $18 (36. Qe7 {Ftacnik} Rd7 37. Qxc5 $16))) 34. Kxf1 Rd1+ 35. Bxd1 Bxe8 36. Bf2 Bb5+ (36... Nd7 37. Ba4 {the pin is unpleasant} a6 (37... f6 {Ftacnik} 38. Bxc5 (38. Bxd7 Bxd7 39. Bxc5 a6 40. Kf2 $14) 38... Nxc5 39. Bxe8 Nxe4 40. Ke2 $16) 38. Ke2 {White is much better}) (36... Bc6 {Ftacnik} 37. Bxc5 a5 38. Bc2 $18) 37. Be2 (37. Ke1 {Ftacnik} Nd7) 37... Bxe2+ 38. Kxe2 Nd7 39. Kd3 {Black cannot protect his weak pawns. The game is over.} a6 40. Bg1 (40. Kc4 {Dolmatov} Nf6 (40... Ne5+ {Ftacnik} 41. Kxc5 Nd3+ 42. Kb6 Nxf2 43. Kxa6 Nxe4 $19)) 40... f5 (40... Ne5+ {Ftacnik} 41. Kc3 Nd7 42. Kc4 Nf6 43. Kxc5 Nxe4+ 44. Kb6 $18) 41. exf5 exf5 42. Kc4 Ne5+ 43. Kxc5 Nd3+ 44. Kb6 (44. Kb6 {Ftacnik} Nxb2 45. Kxa6 Nd3 46. a4 Ne1 47. a5 $18) 1-0

[Event "World-ch31-KK2 Kasparov-Karpov +5-3=16"]
[Site "Moscow"]
[Date "1985.10.01"]
[Round "11"]
[White "Kasparov, Garry"]
[Black "Karpov, Anatoly"]
[Result "1-0"]
[WhiteElo "2700"]
[BlackElo "2720"]
[PlyCount "49"]
[EventDate "1985.09.03"]
[EventType "match"]
[EventRounds "24"]
[EventCountry "URS"]
[SourceTitle "MainBase"]
[Source "ChessBase"]
[SourceDate "1999.07.01"]
[SourceVersion "2"]
[SourceVersionDate "1999.07.01"]
[SourceQuality "1"]

1. d4 Nf6 2. c4 e6 3. Nc3 Bb4 4. Nf3 O-O 5. Bg5 c5 6. e3 cxd4 7. exd4 h6 8. Bh4 d5 9. Rc1 ({RR} 9. Be2 dxc4 10. O-O Nc6 11. Bxc4 Be7 12. Rc1 b6 13. a3 Bb7 14. Re1 Nh5 15. Bg3 Nxg3 16. hxg3 Bf6 17. d5 Na5 18. Ba2 Bxc3 19. Rxc3 Bxd5 20. Bxd5 Qxd5 21. Qxd5 exd5 22. Rd1 Nc4 23. Rxd5 Nxb2 {Vachier Lagrave,M (2789)-So,W (2778) Leuven 2018 ½-½ (44)}) ({RR} 9. Bd3 dxc4 10. Bxc4 b6 11. O-O Bb7 12. Ne5 Be7 13. Re1 Nc6 14. Nxc6 Bxc6 15. Qd3 Rc8 16. Rad1 Bb7 17. Bb3 Qd7 18. Qh3 Rfd8 19. Rxe6 Kh8 20. Re3 Qxh3 21. Rxh3 Kg8 22. Re3 Bb4 23. Bxf6 gxf6 {Lagarde,M (2642)-Bok,B (2621) chess.com INT 2024 1-0 (49)}) 9... dxc4 $146 ({RR} 9... Be7 10. c5 b6 11. b4 a5 12. Na4 axb4 13. Nxb6 Ra3 14. Bxf6 Bxf6 15. Qd2 Rxf3 16. gxf3 Nc6 17. Bb5 Nxd4 18. Qxb4 Nxf3+ 19. Kd1 e5 20. Be2 Nd4 21. c6 Bg5 22. Rc3 Qf6 23. Nd7 Bxd7 24. cxd7 {Ju,W (2572)-Gelfand,B (2697) Caleta 2018 0-1}) ({RR} 9... Nc6 10. Be2 dxc4 11. Bxc4 b6 12. O-O Bb7 13. Bd3 Be7 14. Bb1 Rc8 15. Re1 Re8 16. a3 Nd5 17. Bg3 Nxc3 18. bxc3 Bxa3 19. Qd3 g6 20. Rcd1 Bf8 21. h4 Qd5 22. c4 Qa5 23. Ne5 Nxe5 24. Rxe5 {Rashkovsky,N (2445)-Mikhalchishin,A (2525) Kuibyshev 1986 1-0 (42)}) 10. Bxc4 Nc6 11. O-O Be7 12. Re1 b6 13. a3 Bb7 14. Bg3 Rc8 15. Ba2 Bd6 16. d5 Nxd5 17. Nxd5 Bxg3 18. hxg3 exd5 19. Bxd5 Qf6 20. Qa4 Rfd8 21. Rcd1 Rd7 22. Qg4 Rcd8 23. Qxd7 Rxd7 24. Re8+ Kh7 25. Be4+ 1-0

[Event "World-ch31-KK2 Kasparov-Karpov +5-3=16"]
[Site "Moscow"]
[Date "1985.10.17"]
[Round "17"]
[White "Kasparov, Garry"]
[Black "Karpov, Anatoly"]
[Result "1/2-1/2"]
[WhiteElo "2700"]
[BlackElo "2720"]
[PlyCount "57"]
[EventDate "1985.09.03"]
[EventType "match"]
[EventRounds "24"]
[EventCountry "URS"]
[SourceTitle "MainBase"]
[Source "ChessBase"]
[SourceDate "1999.07.01"]
[SourceVersion "2"]
[SourceVersionDate "1999.07.01"]
[SourceQuality "1"]

1. d4 Nf6 2. c4 e6 3. Nc3 Bb4 4. Nf3 c5 5. g3 Nc6 6. Bg2 Ne4 7. Bd2 Bxc3 8. bxc3 O-O 9. O-O Na5 ({RR} 9... b6 10. Ne5 Nxd2 11. Nxc6 dxc6 12. Qxd2 Qd6 13. Qf4 Qxf4 14. gxf4 Ba6 15. Bxc6 Rad8 16. dxc5 Rc8 17. Bb5 Bxb5 18. cxb5 Rxc5 19. a4 Rfc8 20. Ra3 Rd5 21. Rb1 g6 22. a5 Rcc5 23. axb6 axb6 24. Ra6 {Aronian,L (2775)-Duda,J (2750) chess24.com INT 2022 ½-½ (54)}) ({RR} 9... f5 10. Be3 Nxc3 11. Qd3 cxd4 12. Nxd4 Ne4 13. c5 Nxd4 14. Bxd4 b6 15. Bxe4 fxe4 16. Qxe4 Ba6 17. cxb6 axb6 18. Qe5 Qf6 19. Qe3 Qh6 20. Qxh6 gxh6 21. Rfe1 Bc4 22. a3 b5 23. Rad1 Rf5 24. Bb2 {Kasparov,G (2700)-Karpov,A (2720) Moscow 1985 ½-½}) 10. dxc5 ({RR} 10. Bf4 d5 11. cxd5 Nxc3 12. Qd3 cxd4 13. dxe6 Bxe6 14. Ng5 g6 15. Nxe6 fxe6 16. e3 Nc6 17. Rae1 Rc8 18. exd4 Nxd4 19. Kh1 Nde2 20. Qxd8 Rcxd8 21. Bh6 Rf7 22. Bh3 Nd4 23. a3 Nf5 24. Bf4 Nd5 {Aronian,L (2750)-Anand,V (2792) Mainz 2007 ½-½ (33)}) 10... Qc7 11. Nd4 $146 ({RR} 11. Bf4 Qxc5 12. Ne5 Nxc4 13. Qd4 Qxd4 14. cxd4 Nxe5 15. dxe5 f5 16. exf6 Nxf6 17. Bd6 Rf7 18. e4 {½-½ (18) Kacheishvili,G (2605)-Sargissian,G (2612) Dubai 2006}) ({RR} 11. Bf4 Qxc5 12. Ne5 Nxc4 13. Nxd7 Bxd7 14. Qxd7 Ned6 15. Rad1 Rad8 16. Qa4 e5 17. Bc1 Nb5 18. Qb3 b6 19. a4 Nc7 20. Bg5 Rxd1 21. Rxd1 h6 22. Bc1 Rc8 23. Rd7 Ne6 24. Rd5 Qc7 25. Qc2 a6 {Chojnacki,K (2436)-Weichhold,P (2325) Lazy 2012 1-0 (69)}) 11... Nxd2 12. Qxd2 Nxc4 13. Qg5 f6 14. Qf4 Ne5 15. Nb3 Rb8 16. Qd4 b6 17. f4 Nf7 18. Rfd1 Rd8 19. c4 Bb7 20. Bxb7 Rxb7 21. cxb6 Rxb6 22. c5 Rc6 23. Rac1 d5 24. cxd6 Rdxd6 25. Qe3 Rxd1+ 26. Rxd1 g6 27. Rc1 Rxc1+ 28. Qxc1 Qb6+ 29. Qc5 1/2-1/2

[Event "World-ch32-KK3 Kasparov-Karpov +5-4=15"]
[Site "London/Leningrad"]
[Date "1986.08.04"]
[Round "4"]
[White "Kasparov, Garry"]
[Black "Karpov, Anatoly"]
[Result "1-0"]
[WhiteElo "2740"]
[BlackElo "2705"]
[PlyCount "80"]
[EventDate "1986.07.28"]
[EventType "match"]
[EventRounds "24"]
[EventCountry "URS"]
[SourceTitle "MainBase"]
[Source "ChessBase"]
[SourceDate "1999.07.01"]
[SourceVersion "2"]
[SourceVersionDate "1999.07.01"]
[SourceQuality "1"]

1. d4 {Kramnik,Vladimir} Nf6 2. c4 e6 3. Nc3 Bb4 4. Nf3 c5 5. g3 cxd4 6. Nxd4 O-O 7. Bg2 d5 8. Qb3 ({RR} 8. cxd5 Nxd5 9. Qb3) 8... Bxc3+ 9. bxc3 Nc6 10. cxd5 Na5 11. Qc2 Nxd5 12. Qd3 ({RR} 12. O-O Qc7 ({RR} 12... Bd7) 13. Re1 ({RR} 13. e4 Nxc3 ({RR} 13... Nb6) 14. Bb2 ({RR} 14. Bd2 Ne2+ 15. Kh1 Qxc2 16. Nxc2 Nc6) 14... Nb5 15. Qxc7 Nxc7) 13... Bd7 ({RR} 13... Rd8 14. e4) 14. e4 Nb6 ({RR} 14... Nxc3 15. Bd2 Rac8 16. Rac1) 15. e5 Ba4 ({RR} 15... Rfc8) 16. Qd3 Qc4 ({RR} 16... Rac8 17. Be4) 17. Qf3 ({RR} 17. Qxc4 Nbxc4 18. Rb1 Rab8 19. f4) 17... Nc6 18. Re4 ({RR} 18. Qg4 Bc2 ({RR} 18... Kh8) ({RR} 18... h5 19. Qh4 Qxc3 ({RR} 19... Nd5)) 19. Ba3 ({RR} 19. Bh6 Bg6) 19... Rfc8) 18... Nxd4 19. Rxd4 Bc6 20. Rxc4 Bxf3 21. Rc7 Bxg2 22. Kxg2 Rab8 23. Rb1 Rfc8 24. Rxc8+ Rxc8 25. Rb3 ({RR} 25. Be3 Rxc3 26. Bxb6 axb6 27. Rxb6 Rc7) 25... h5 26. Be3 Nd5 {Nakamura,H (2770)-Kramnik,V (2781) Dortmund 2011 CBM 144 [Kramnik,Vladimir] 0-1 (47)} {RR} 27. Bxa7 Rxc3 28. Rxc3 ({RR} 28. Rxb7 Ra3) 28... Nxc3 29. a3) ({RR} 12. O-O Bd7 13. e4 Nb6 14. a4 e5 15. Nf5 Be6 16. Ba3 Re8 17. Bb4 Nbc4 18. Rfd1 Qc7 19. Qe2 f6 20. h4 g6 21. Nd6 Nxd6 22. Bxd6 Qf7 23. Bb4 Nc4 24. a5 Rad8 25. Rxd8 Rxd8 26. Rd1 Qc7 {Djukic,S (2080)-Gallagher,D (2203) Stockholm SWE 2025 0-1 (45)}) 12... Bd7 $146 ({RR} 12... Nb6 13. f4 Nac4 14. g4 e5 15. fxe5 Qh4+ 16. Qg3 Qxg3+ 17. hxg3 Nxe5 18. g5 {½-½ (18) Tella,J (2310)-Hokkanen,P (2260) Tampere 1996}) ({RR} 12... Qc7 13. Nb5 Qc6) ({RR} 12... Qc7 13. O-O Bd7 14. e4 Nb6 15. f4 e5 16. fxe5 Nac4 17. g4 Nxe5 18. Qg3 Nbc4 19. Bf4 Qc5 20. Rae1 Rad8 21. g5 Rfe8 22. Kh1 b5 23. Rd1 Bc8 24. h4 Bg4 25. Nb3 Qc8 26. Rd5 Rxd5 27. exd5 {Kasparov,G (2595)-Suba,M (2430) Dubai 1986 ½-½ (63)}) ({RR} 12... Qc7 13. Nb5 Qc6 14. a4 a6 15. e4 Nb6 16. Ba3 Re8 17. Nd6 Rd8 18. O-O e5 19. Rfd1 Bg4 20. Bf3 Be6 21. Qe3 Nbc4 22. Nxc4 Nxc4 23. Qg5 Rxd1+ 24. Rxd1 f6 25. Qc1 Qxa4 26. Be7 Qe8 27. Bc5 {Shchukin,D (2400)-Aseev,K (2525) St Petersburg 1998 0-1 (32)}) 13. c4 Ne7 14. O-O Rc8 15. Nb3 Nxc4 16. Bxb7 Rc7 17. Ba6 Ne5 18. Qe3 Nc4 19. Qe4 Nd6 20. Qd3 Rc6 21. Ba3 Bc8 22. Bxc8 Ndxc8 23. Rfd1 Qxd3 24. Rxd3 Re8 25. Rad1 f6 26. Nd4 Rb6 27. Bc5 Ra6 28. Nb5 Rc6 29. Bxe7 Nxe7 30. Rd7 Ng6 31. Rxa7 Nf8 32. a4 Rb8 33. e3 h5 34. Kg2 e5 35. Rd3 Kh7 36. Rc3 Rbc8 37. Rxc6 Rxc6 38. Nc7 Ne6 39. Nd5 Kh6 40. a5 e4 1-0

[Event "Interpolis"]
[Site "Tilburg"]
[Date "1989.09.28"]
[Round "11"]
[White "Kasparov, Garry"]
[Black "Kortschnoj, Viktor Lvovich"]
[Result "1-0"]
[WhiteElo "2775"]
[BlackElo "2655"]
[PlyCount "57"]
[EventDate "1989.09.15"]
[EventType "tourn"]
[EventRounds "14"]
[EventCountry "NED"]
[EventCategory "15"]
[SourceTitle "CBM 015"]
[Source "ChessBase"]
[SourceDate "1990.04.01"]
[SourceVersion "1"]
[SourceVersionDate "1990.04.01"]
[SourceQuality "1"]

1. d4 Nf6 2. c4 e6 3. Nc3 Bb4 4. Qc2 d5 5. cxd5 exd5 6. Bg5 h6 7. Bh4 c5 8. dxc5 O-O 9. e3 Nbd7 ({RR} 9... Be6 10. Nf3 Nbd7 11. a3 Bxc3+ 12. Qxc3 g5 13. Bg3 Ne4 14. Qc2 Ndxc5 15. Nd4 Rc8 16. Be2 Bd7 17. b4 Ne6 18. Qb2 Qf6 19. O-O Rfe8 20. Rac1 Nxd4 21. exd4 Nxg3 22. hxg3 Kg7 23. Bf3 Be6 24. Qd2 {Kasparov,G (2812)-Le,Q (2739) Saint Louis 2017 1-0 (41)}) 10. Bd3 ({RR} 10. Nf3 Nxc5 11. Be2 Nce4 12. O-O Bxc3 13. bxc3 Bf5 14. Qb2 Qb6 15. Qa3 Rac8 16. Rfc1 Qc5 17. Qxc5 Rxc5 18. Nd4 Bg6 19. c4 Rfc8 20. Nb3 R5c7 21. Bxf6 Nxf6 22. cxd5 Nxd5 23. Bg4 Rxc1+ 24. Rxc1 Rxc1+ {Alba Fernandez,N (2123)-Vergara Anton,D (2346) Roquetas de Mar ESP 2024 0-1 (49)}) 10... Qa5 11. Nge2 Bxc3+ $146 ({RR} 11... Ne4 12. O-O Nxc3 13. bxc3 Bxc5 14. c4 dxc4 15. Bxc4 Ne5 16. Bb3 Bg4 17. Bg3 Nc6 18. Nf4 Ba3 19. h3 Bf5 20. e4 Bh7 21. Nd5 Nd4 22. Qd3 Ne6 23. Be5 Bg6 24. Qg3 Kh7 25. f3 Rac8 26. h4 {Ni,V (2173)-Tan,Z (2478) Ningbo 2013 0-1 (42)}) 12. Qxc3 Qxc3+ 13. Nxc3 Nxc5 14. Bc2 g5 15. Bg3 Be6 16. f3 a6 17. h4 Rfc8 18. hxg5 hxg5 19. O-O-O Ncd7 20. Kb1 Kg7 21. Bb3 Rc5 22. e4 dxe4 23. Bxe6 fxe6 24. Nxe4 Ra5 25. Rhe1 Nf8 26. Nd6 b6 27. Bf2 Nd5 28. Bd4+ Kg6 29. Nc4 1-0

[Event "Linares 16th"]
[Site "Linares"]
[Date "1999.02.25"]
[Round "4"]
[White "Kasparov, Garry"]
[Black "Kramnik, Vladimir"]
[Result "1/2-1/2"]
[WhiteElo "2812"]
[BlackElo "2751"]
[PlyCount "40"]
[EventDate "1999.02.21"]
[EventType "tourn"]
[EventRounds "14"]
[EventCountry "ESP"]
[EventCategory "20"]
[SourceTitle "CBM 070"]
[Source "ChessBase"]
[SourceDate "1999.06.08"]
[SourceVersion "1"]
[SourceVersionDate "1999.06.08"]
[SourceQuality "1"]

1. d4 Nf6 2. c4 e6 3. Nc3 Bb4 4. Qc2 d5 5. cxd5 Qxd5 6. Nf3 Qf5 7. Qxf5 exf5 8. a3 Be7 9. Bg5 Be6 10. e3 c6 11. Bd3 Nbd7 12. O-O h6 13. Bh4 a5 14. Rac1 O-O 15. Ne2 g5 16. Bg3 Ne4 17. Nc3 Nxc3 18. Rxc3 Nf6 19. Rcc1 Rfd8 20. Rfd1 Rac8 $146 ({RR} 20... Ne4 21. Nd2 Nxd2 22. Rxd2 Kg7 23. Bc7 Rd7 24. Bb6 Kf6 25. Be2 Kg6 26. h3 h5 27. g3 Bd8 28. Bxd8 Raxd8 29. Rc5 Rd5 30. Rxd5 Bxd5 31. Bf1 f6 {½-½ (31) Olarasu,G (2297)-Alexieva,S (2352) Borovetz 2008}) 1/2-1/2